Focus sur: Eradan - Tolkien - Statistiques

Statistiques générales
  • Ce quiz a été pris 5 fois
  • Le résultat moyen est 7 sur 9
Statistiques - réponses
Informations recherchées Réponses % Correct
Contrée Gondor
100%
Espèce Homme
100%
Profession et titre Intendant du Gondor
100%
Première mention Le Seigneur des Anneaux: Le Retour du Roi
100%
Age durant lequel il vécut Troisième
100%
Cité Minas Anor
80%
Lignée (partiellement) Númenor
80%
Fils Herion
40%
Père Mardil
20%
Aucun quiz correspondant
Distribution des résultats
% des personnes avec chaque résultat
Percentile par nombre de réponses
Votre historique - résultats
Vous n’avez pas pris ce quiz